- Calixto Flores, Raúl
Entry Nombre Personal
001 - NUMERO DE CONTROL
- campo de control: 28624
003 - IDENTIFICADOR DE NUMERO DE CONTROL
- campo de control: DLC
005 - FECHA Y HORA DE LA ÜLTIMA TRANSACCIÓN
- campo de control: 20260226090357.0
008 - DATOS DE LONGITUD FIJA
- campo de control de longitud fija: 230524n| azannaabn |a aaa
010 ## - NÚMERO DE CONTROL DE LA BIBLIOTECA DEL CONGRESO
- Número de control LC: n 2005038653
024 7# - OTROS IDENTIFICADORES NORMALIZADOS
- Número normalizado o código: 46168897
- Fuente: viaf
- URI: https://viaf.org/es/viaf/46168897
024 7# - OTROS IDENTIFICADORES NORMALIZADOS
- Número normalizado o código: 000000004120211X
- Fuente: isni
- URI: https://isni.org/isni/000000004120211X
024 7# - OTROS IDENTIFICADORES NORMALIZADOS
- Número normalizado o código: Q136168992
- Fuente: wikidata
- URI: https://www.wikidata.org/wiki/Q136168992
040 ## - FUENTE DE CATALOGACIÓN
- Agencia original de catalogación: DLC
- Lenguaje de catalogación: spa
- Description conventions: rda
- Agencia de transcripción: DLC
- Agencia que lo modifica: DLC
- Agencia que lo modifica: MX-MxUPN
100 1# - ENCABEZAMIENTO - NOMBRE PERSONAL
- Nombre personal: Calixto Flores, Raúl
370 ## - LUGAR ASOCIADO
- Other associated place: Ciudad de México (México)
- Fuente del término: naf
371 ## - DIRECCIÓN
- Electronic mail address: rcalixto@upn.mx
372 ## - CAMPO DE ACTIVIDAD
- Field of activity: Educación ambiental
373 ## - GRUPO ASOCIADO
- Associated group: Universidad Pedagógica Nacional (México)
- Associated group: Universidad Nacional Autónoma de México
- Fuente del término: naf
374 ## - OCUPACIÓN
- Occupation: Educador
374 ## - OCUPACIÓN
- Occupation: Pedagogo
374 ## - OCUPACIÓN
- Occupation: Profesor universitario
- Fuente del término: Investigador
377 ## - LENGUA ASOCIADA
- Language code: spa
400 1# - VEÁSE - NOMBRE DE PERSONA
- Personal name: Flores, Raúl Calixto
400 1# - VEÁSE - NOMBRE DE PERSONA
- Personal name: Calixto, Raúl
- Fuller form of name: (Calixto Flores)
670 ## - FUENTE EN LA QUE SE LOCALIZARON DATOS
- Cita de la fuente: Escuela y ambiente, c2001:
- Información localizada: portada (Raúl Calixto Flores)
670 ## - FUENTE EN LA QUE SE LOCALIZARON DATOS
- Cita de la fuente: Investigaciones educativas en torno al cambio climático, agosto de 2017:
- Información localizada: portada (Raúl Calixto Flores) página 21 (prof.-researcher, Área Académica Diversidad e Interculturalidad, Univ. Pedagógica Nacional)
670 ## - FUENTE EN LA QUE SE LOCALIZARON DATOS
- Cita de la fuente: UPN Web site, viewed April 2, 2018:
- Información localizada: (Raúl Flores Calixto; doctorate in pedagogy from the Univ. Nac. Aut. de México; lines of research: representations of the environment; in bib. citations: Calixto, Raúl; Calixto Flores, R.)
670 ## - FUENTE EN LA QUE SE LOCALIZARON DATOS
- Cita de la fuente: Sitio web UPN, 19 febrero 2026:
- Información localizada: (Raúl Calixto Flores; rcalixto@upn.mx)
- Uniform Resource Identifier: https://area2.upnvirtual.edu.mx/index.php/cuerpos-academicos/eib/147-dr-raul-calixto-flores
902 ## - CATALOGADOR
- Catalogador: NDAF/240523
